Vista normal
Vista MARC
Entrada Personal Name
Número de registros utilizados en: 2
001 - CONTROL NUMBER
- control field: 967
003 - CONTROL NUMBER IDENTIFIER
- control field: AR-EsCIE
005 - DATE AND TIME OF LATEST TRANSACTION
- control field: 20251001090532.0
008 - FIXED-LENGTH DATA ELEMENTS
- fixed length control field: 251001|| aca||aabn | a|a d
040 ## - CATALOGING SOURCE
- Original cataloging agency: AR-EsCIE
100 1# - HEADING--PERSONAL NAME
- Personal name: Murphy, Guillermo
670 ## - SOURCE DATA FOUND
- Source citation: Atlas agroclimático de la Argentina. 2008.
